Návrh algoritmov preraďovania automatizovanej prevodovky automobilu

Salvato in:
Dettagli Bibliografici
Autore principale: Rozsár, Adam, 1987- (Autore)
Altri autori: Madarás, Juraj, 1986- (Relatore della tesi)
Natura: Manoscritto Libro
Lingua:slovacco
Pubblicazione: Bratislava : STU v Bratislave FEI, 2013
Soggetti:
Accesso online:VAIS
Tags: Aggiungi Tag
Nessun Tag, puoi essere il primo ad aggiungerne!!

MARC

LEADER 00000ntm a22000003a 4500
001 stu270453
005 20150617230233.8
008 130709s2013----xo------------------slo-d
040 |a STU  |b slo 
041 0 |a slo 
044 |a xo 
100 1 |a Rozsár, Adam,  |d 1987-  |4 aut  |u E  |T FEI Fakulta elektrotechniky a informatiky  |X 59167  |U E  |Y 30  |7 A000059167 
242 0 0 |a Design of shift algorithms of automated transmission of a vehicle  |y eng 
245 1 |a Návrh algoritmov preraďovania automatizovanej prevodovky automobilu 
260 |a Bratislava :  |b STU v Bratislave FEI,  |c 2013 
300 |a 53 s  |c príl. 
650 7 |a control  |2 estusub 
650 7 |a design  |2 estusub 
650 7 |a transmission  |2 estusub 
650 7 |a riadenie  |2 stusub 
650 7 |a návrh  |2 stusub 
650 7 |a prevodovka  |2 stusub 
700 1 |a Madarás, Juraj,  |d 1986-  |4 ths  |u J0010  |U SjF Strojnícka fakulta  |T SjF Ústav aplikovanej mechaniky a mechatroniky  |X 41578  |U J0010  |Y 801  |7 A000041578 
856 4 |a info a plný text  |u http://is.stuba.sk/zp/portal_zp.pl?podrobnosti=92208  |3 VAIS 
996 |b 284EP10668  |c E*DIPL-10668  |l EE30  |s P  |a 0  |w stu270453_0001